|
|
|
|
| LEADER |
00000nam0a2200000 4500 |
| 001 |
209565 |
| 005 |
20231101225542.0 |
| 010 |
|
|
|a 0826472850
|
| 035 |
|
|
|a (RuTPU)RU\TPU\book\228900
|
| 090 |
|
|
|a 209565
|
| 100 |
|
|
|a 20120214d2004 km y0engy50 ba
|
| 101 |
0 |
|
|a eng
|
| 102 |
|
|
|a GB
|
| 105 |
|
|
|a y z 001zy
|
| 200 |
1 |
|
|a Mass Media in a Mass Society. Myth and Reality
|f R. Hoggart
|
| 210 |
|
|
|a London
|c Continuum
|d 2004
|
| 215 |
|
|
|a 214 p.
|
| 320 |
|
|
|a Index: p. 211-214.
|
| 606 |
1 |
|
|a Информация
|x Социология
|2 stltpush
|3 (RuTPU)RU\TPU\subj\37591
|9 58489
|
| 610 |
1 |
|
|a средства массовой информации
|
| 610 |
1 |
|
|a СМИ
|
| 610 |
1 |
|
|a общество
|
| 610 |
1 |
|
|a социология
|
| 610 |
1 |
|
|a молодежная культура
|
| 610 |
1 |
|
|a английский язык
|
| 610 |
1 |
|
|a масс-медиа
|
| 686 |
|
|
|a С55.57
|v LBC/SL-A
|2 rubbk
|
| 700 |
|
1 |
|a Hoggart
|b R.
|g Richard
|
| 801 |
|
1 |
|a RU
|b 63413507
|c 20120214
|
| 801 |
|
2 |
|a RU
|b 63413507
|c 20120216
|g RCR
|
| 942 |
|
|
|c BK
|